Good Bye To Negativity/ (Record no. 197117)

MARC details
000 -LEADER
fixed length control field 00525nam a22001817a 4500
005 - DATE AND TIME OF LATEST TRANSACTION
control field 20230911122812.0
010 ## - LCCN (DPL NO)
LC control number ENG-137794
020 ## - INTERNATIONAL STANDARD BOOK NUMBER
Terms of availability 500.00
International Standard Book Number 9788175054134
035 ## - SYSTEM CONTROL NUMBER
System control number EN-121326
037 ## - SOURCE OF ACQUISITION
Source of stock number/acquisition Advaita Sharma.
082 ## - DEWEY DECIMAL CLASSIFICATION NUMBER
Classification number 294.544
100 ## - MAIN ENTRY--PERSONAL NAME
Personal name Gokulnanda, Swami
245 ## - TITLE STATEMENT
Title Good Bye To Negativity/
Statement of responsibility, etc by Swami Gokulnanda
260 ## - PUBLICATION, DISTRIBUTION, ETC. (IMPRINT)
Place of publication, distribution, etc Uttrakhand
Name of publisher, distributor, etc Advaita Sharma
Date of publication, distribution, etc 2015
270 ## - ADDRESS
Address Mayawati Champawat,
City Uttrakhand
300 ## - PHYSICAL DESCRIPTION
Extent 189p.
Dimensions 22cm(pbk)
942 ## - ADDED ENTRY ELEMENTS (KOHA)
Source of classification or shelving scheme Dewey Decimal Classification
Item type English Books
Call number suffix GOK
Classification part 294.544
Holdings
Withdrawn status Lost status Not for loan Collection code Home library Current library Date acquired Source of acquisition Cost, normal purchase price Full call number Barcode Copy number Cost, replacement price Koha item type
      Non-fiction Kadipur Kadipur 14/08/2023 DBAD/PUB 65.00 294.544 GOK EN-121326 1 65.00 English Books

© Delhi Public Library
Hit Counter
free hit counter